Rozsypanka literowa - kanały TVP - Statystyki

Ogólne statystyki
  • Ten quiz został rozwiązany 173 razy
  • Średni wynik to 10 z 15
Statystyki odpowiedzi
Kanał TVP % Poprawnych
Abc
96%
Info
83%
Kultura
81%
Nauka
79%
Alfa
77%
Historia
74%
World
69%
Polonia
68%
Seriale
65%
Wilno
63%
Rozrywka
61%
Dokument
59%
Kobieta
55%
Biełsat
43%
Parlament
34%
Nie znaleziono quizów pasujących do podanych kryteriów
Rozkład punktacji
Procent ludzi z każdym wynikiem
Percentyl według liczby udzielonych odpowiedzi
Twoja historia wyników
Nie rozwiązałeś tego quizu